Economic analysis for engineering and managerial decision making
Guardat en:
| Autor principal: | |
|---|---|
| Format: | Llibre |
| Idioma: | English |
| Publicat: |
New York : McGraw-Hill,
1962.
|
| Matèries: | |
| Etiquetes: |
Afegir etiqueta
Sense etiquetes, Sigues el primer a etiquetar aquest registre!
|
MARC
| LEADER | 00000nam a2200000Ia 4500 | ||
|---|---|---|---|
| 003 | 002197 | ||
| 005 | 20221231143957.0 | ||
| 008 | 140114s1962 nyua 000 ||eng d | ||
| 040 | |c cru CEDI | ||
| 082 | |a 658.155 B253e | ||
| 100 | |a Barish, Norman N. |9 21377 | ||
| 245 | |a Economic analysis for engineering and managerial decision making | ||
| 260 | |a New York : McGraw-Hill, |c 1962. | ||
| 300 | |a viii, 729 páginas : ilustraciones. ; 24 cm. | ||
| 650 | |x ADMINISTRACION INDUSTRIAL |x ECONOMIA INDUSTRIAL |9 21378 | ||
| 942 | |2 ddc |c BK | ||
| 999 | |c 15084 |d 15084 | ||
